| 000 | 00629nam a22002052 4500 | ||
|---|---|---|---|
| 001 | 0000007175 | ||
| 005 | 20151217152025.0 | ||
| 008 | 071126s xx 000 0 eng d | ||
| 020 |
_a812032238x : _cKES 760 |
||
| 040 |
_aKABU _cKABU |
||
| 100 | 1 |
_aSchiesser, Rich. _@0000158262 |
|
| 245 | 1 | 0 |
_aIT Systems management / _cRich Schiesser. |
| 260 |
_aNew Delhi : _bPrentice-Hall of India, _c2002. |
||
| 300 | _axxxviii, 487 p. | ||
| 650 | 0 |
_aInformation resource management. _@0000156075 |
|
| 650 | 0 |
_aInformation technology. _@0000150287 |
|
| 908 | _a071126 | ||
| 950 | _@1 | ||
| 999 |
_c7427 _d7427 |
||